Elektrotechnische Zeitschrift : ETZ.

Saved in:
Bibliographic Details
New Title:Etz
Previous Title:Elektrotechnische Zeitschrift. B
Elektrotechnische Zeitschrift. A
Corporate Authors: Energietechnische Gesellschaft im VDE, Verband Deutscher Elektrotechniker
Format: Journal
Language:German
Published: Berlin : VDE-Verlag, -1987.
Subjects:
LEADER 02530nas a2200565 a 4500
001 c000165645
003 CARM
005 19910320000000.0
008 790326d19791987gw erzp 0 b0ger d
010 |a 85649155 //r87  |z sn 80012911 
019 1 |a 2474030  |z 1463635  |z 44764454  |5 LACONCORD2021 
022 0 |a 0170-1711 
030 |a EELZD3 
035 |a (OCoLC)4781468  |5 LACONCORD2021 
040 |a LC  |b eng  |c LC 
042 |a lc  |a nsdp 
050 0 |a TK3  |b .E84 
130 0 |a Elektrotechnische Zeitschrift (Berlin : 1979) 
210 0 |a ETZ, Elektrotech. Z.  |b (Berlin, West) 
222 0 |a ETZ. Elektrotechnische Zeitschrift  |b (Berlin, West) 
245 0 0 |a Elektrotechnische Zeitschrift :  |b ETZ. 
246 3 7 |a ETZ. 
260 |a Berlin :  |b VDE-Verlag,  |c -1987. 
300 |a v. :  |b ill. ;  |c 30 cm. 
310 |a Biweekly. 
362 0 |a -108. Jahrg., Heft 5 (März 1987). 
362 1 |a Began in 1979. 
500 |a Description based on: Bd. 103, Heft 1 (Jan. 1982); title from cover. 
550 |a "Organ des Verbandes Deutscher Elektrotechniker und der Energietechnischen Gesellschaft im VDE." 
580 |a Formed by the union of: Elektrotechnische Zeitschrift. A; and, Elektrotechnische Zeitschrift. B, ISSN 0012-8031, and continues the volume numbering of Elektrotechnische Zeitschrift. A. 
510 2 |a Chemical abstracts  |x 0009-2258  |b 1979-1983. 
510 2 |a Coal abstracts  |x 0309-4979. 
510 2 |a Computer & control abstracts  |x 0036-8113  |b Jan. 1979- 
510 2 |a Electrical & electronics abstracts  |x 0036-8105  |b Jan. 1979- 
510 2 |a Energy information abstracts  |x 0147-6521. 
510 2 |a Energy research abstracts  |b July 1979-  |x 0160-3604. 
510 2 |a Environment abstracts  |x 0093-3287. 
510 2 |a Physics abstracts. Science abstracts. Series A  |x 0036-8091  |b Jan. 1979- 
510 2 |a Predicasts. 
650 0 |a Electric engineering  |x Periodicals. 
710 2 |a Energietechnische Gesellschaft im VDE. 
710 2 |a Verband Deutscher Elektrotechniker. 
780 1 4 |t Elektrotechnische Zeitschrift. B  |x 0012-8031  |w (OCoLC)4457577  |w (DLC) 85649154. 
780 1 4 |t Elektrotechnische Zeitschrift. A  |x 0341-1362  |w (OCoLC)4919362  |w (DLC) 85649153. 
785 0 0 |t Etz  |w (OCoLC)16769106  |w (DLC) 87642617  |x 0170-1711. 
852 8 |b CARM  |h A1:AK33E0  |i D06295  |p 0216274  |f SE 
866 0 |a 100(1979) 
866 |a 100(1979) 
999 f f |i ff1fb4f3-95fa-5ece-9241-918950014f35  |s 8ae6f9c1-e47e-5ccb-80f0-36e52f5437b4 
952 f f |p Can circulate  |a CAVAL  |b CAVAL  |c CAVAL  |d CARM 1 Store  |e D06295  |f A1:AK33E0  |h Other scheme  |i book  |k 100(1979)  |m 0216274